| 000 | 005310000a22002050004500 | ||
|---|---|---|---|
| 005 | 20120302054419.0 | ||
| 942 | _cBOOK | ||
| 245 | _a Marathi Sanshodhan Patrikaa | ||
| 260 | _aMumbai:Marathi Sanshodhan Mandal,1984. | ||
| 300 | _a92p. | ||
| 040 | _aMAR | ||
| 365 | _b1.50/- | ||
| 650 | _aSankirna | ||
| 650 | _aTraimaasik-Marathi Sanshodhan Patrikaa | ||
| 650 | _aDnyandevacha Shodha | ||
| 650 | _aVishnu-Vishwaroop | ||
| 650 | _aMaarathi Koriva Lekh | ||
| 650 | _aRaamdaas-Jivan-Tatvadnyan | ||
| 650 | _aJanardan Swami | ||
| 999 |
_c345558 _d345555 |
||